Single stock futures : An investor’s guide

Single stock futures are an incredibly important new financial instrument for managing risk. Kennedy Mitchell provides an outstanding and easy-to-read explanation of these new products for either an expert futures user or for someone learning about futures markets for the first time.

Na minha lista:
Detalhes bibliográficos
Autor principal: Mitchell, Kennedy
Formato: Livro
Idioma:Undetermined
Publicado em: Hoboken John Wiley & Sons 2003
Assuntos:
Tags: Adicionar Tag
Sem tags, seja o primeiro a adicionar uma tag!
Thư viện lưu trữ: Trung tâm Học liệu Trường Đại học Cần Thơ
LEADER 00855nam a2200217Ia 4500
001 CTU_113281
008 210402s9999 xx 000 0 und d
020 |c 496000 
082 |a 332.63 
082 |b M681 
100 |a Mitchell, Kennedy 
245 0 |a Single stock futures : 
245 3 |b An investor’s guide 
245 0 |c Kennedy Mitchell 
260 |a Hoboken 
260 |b John Wiley & Sons 
260 |c 2003 
520 |a Single stock futures are an incredibly important new financial instrument for managing risk. Kennedy Mitchell provides an outstanding and easy-to-read explanation of these new products for either an expert futures user or for someone learning about futures markets for the first time. 
650 |a Single stock futures,Speculation,Futures 
904 |i Giang 
980 |a Trung tâm Học liệu Trường Đại học Cần Thơ